000 00672nam a2200181 4500
001 136311
003 ES-MaACL
005 20250925063042.0
007 t|
008 070214m19471950sp r ||||1| spa d
100 1 _aRumeu de Armas, Antonio,
_d1912-2006
_9100991
245 1 0 _aPiraterias y ataques navales contra las islas Canarias /
_cAntonio Rumeu de Armas.
260 _aMadrid :
_bConsejo Superior de Investigaciones Científicas, Instituto Jerónimo Zurita,
_c1947-50.
300 _a3 t. en 5 v., 183 lám. ;
_c28 cm +
_e8 lám. pleg.
710 2 _aInstituto Jerónimo Zurita
_95106
852 _aES-MaACL
_jD-7062-66
_bR.31072
999 _c136311
_d136311